| 000 | 01381nam0a2200373 4500 | ||
|---|---|---|---|
| 001 | RU\NLR\BIBL_A\022005042 | ||
| 005 | 20231017111303.0 | ||
| 010 |
_a978-5-04-183147-9 _93000 |
||
| 021 |
_aRU _bКН-П-23-044221 _9КН-П-23-4422 |
||
| 035 | _a(NLR Aleph) 022005042 | ||
| 035 | _a(RuMoRGB)011922625 | ||
| 090 |
_a12465962 _c12465962 |
||
| 100 | _a20230815d2023 u y0rusy50 ca | ||
| 101 | 0 | _arus | |
| 102 | _aRU | ||
| 105 | _aac z 000zb | ||
| 181 | 0 |
_ai3 _baxxe |
|
| 181 | 0 |
_ab2 _bxb2e |
|
| 182 | 0 | _an | |
| 200 | 1 |
_aМесси _eиллюстрированное издание _fИгорь Рабинер |
|
| 203 |
_aТекст _aИзображение _bвизуальные _cнепосредственные |
||
| 210 |
_aМосква _cБомбора _cЭксмо _d2023 |
||
| 215 |
_a128 с. _cцв. ил., портр. _d29 |
||
| 225 | 1 |
_aПодарочные издания _iСпорт |
|
| 333 | _a12+ | ||
| 600 | 1 |
_aМесси _bЛ. _gЛионель _f1987 _2nlr_sh2 _3RU\NLR\AUTH\6601542446 |
|
| 675 |
_a796.332.071.43(82) _v4 |
||
| 686 | 1 | _aЧ515.783(7А)6-8Месси | |
| 700 | 1 |
_aРабинер _bИ. Я. _f1973- _gИгорь Яковлевич _3RU\NLR\AUTH\77120390 |
|
| 702 | 1 |
_aМесси _bЛ. _f1987- _gЛионель _3RU\NLR\AUTH\770169388 _4280 |
|
| 942 | _cBOOK | ||
| 980 | _aNB | ||